| 000 | 00874cam a2200157 4500500 | ||
|---|---|---|---|
| 005 | 20260111090613.0 | ||
| 041 | _afre | ||
| 042 | _adc | ||
| 100 | 1 | 0 |
_aVallin, Pierre _eauthor |
| 245 | 0 | 0 | _aHedi Slim et alii, Histoire générale de la Tunisie, Tome I : L’Antiquité. Sud Editions, Tunis/ Maisonneuve, Paris, 2003, 462 pages |
| 260 | _c2003. | ||
| 500 | _a66 | ||
| 520 | _aRésuméIdentifier l’inhumain – l’absurde, le nihilisme, le ressentiment, le mal –, fonder l’humain – la révolte, l’amour –, proposer un humanisme inédit, telle aura été la tentative philosophique et littéraire d’Albert Camus. La lucidité tragique n’interdit pas l’exigence d’humanité. | ||
| 786 | 0 | _nÉtudes | 399 | 9 | 2003-09-01 | p. 270l-287l | 0014-1941 | |
| 856 | 4 | 1 | _uhttps://shs.cairn.info/revue-etudes-2003-9-page-270l?lang=fr&redirect-ssocas=7080 |
| 999 |
_c1619239 _d1619239 |
||